Maailman kaikkien valtioiden viralliset kielet #2 - Statistics

Yleistilastot
  • Tätä visaa on pelattu 31 kertaa
  • Keskiarvotulos 75 / 125
Vastaustilastot
Valtiot Kieli % Oikein
Etelä-Afrikka, Kanada ja 56 muuta englanti
96%
Alankomaat, Belgia, Suriname hollanti
96%
Egypti, Irak, Saudi-Arabia ja 20 muuta arabia
92%
Afganistan dari
92%
Islanti islanti
92%
Italia, San Marino, Sveitsi, Vatikaanivaltio italia
92%
Puola puola
92%
Itävalta, Saksa, Sveitsi ja 3 muuta saksa
92%
Albania, Kosovo, Pohjois-Makedonia albania
88%
Armenia armenia
88%
Bosnia ja Hertsegovina bosnia (serbokroaatti)
88%
Fidži fidžinhindi
88%
Israel heprea
88%
Japani japani
88%
Espanja, Kolumbia ja 18 muuta espanja
88%
India hindi
88%
Kiina, Singapore, Taiwan kiina (mandariini)
88%
Etelä-Korea, Pohjois-Korea korea
88%
Bosnia and Herzegovina, Kroatia kroatia (serbokroaatti)
88%
Montenegro montenegro (serbokroaatti)
88%
Norja norja
88%
Brasilia, Portugali ja 7 muuta portugali
88%
Ranska, Kanada ja 25 muuta ranska
88%
Moldova, Romania romania
88%
Ruotsi, Suomi ruotsi
88%
Bosnia and Herzegovina, Kosovo, Serbia serbia (serbokroaatti)
88%
Tanska tanska
88%
Thaimaa thai
88%
Kreikka, Kypros kreikka
84%
Latvia latvia
84%
Nepal nepal
84%
Iran persia
84%
Suomi suomi
84%
Tadžikistan tadžikki
84%
Kypros, Turkki turkki
84%
Ukraina ukraina
84%
Valko-Venäjä, Venäjä ja 3 muuta venäjä
84%
Vietnam vietnam
84%
Bulgaria bulgaria
80%
Unkari unkari
80%
Laos lao
80%
Liettua liettua
80%
Pohjois-Makedonia makedonia
80%
Slovakia slovakki
80%
Somalia, Etiopia somali
80%
Tšekki tšekki
80%
Viro viro
80%
Indonesia indonesia
76%
Kazakstan kazakki
76%
Afganistan paštu
76%
Slovenia sloveeni
76%
Kenia, Ruanda, Tansania, Uganda swahili
76%
Tonga tonga
76%
Valko-Venäjä valkovenäjä
76%
Georgia georgia
72%
Kirgisia kirgiisi
72%
Uusi-Seelanti maori
72%
Mongolia mongolia
72%
Samoa samoa
72%
Haiti haiti
68%
Malta malta
68%
Tuvalu tuvalu
68%
Uzbekistan uzbekki
68%
Etelä-Afrikka afrikaans
64%
Azerbaidžan azeri
64%
Bangladesh bengali
64%
Irlanti iiri
64%
Andorra katalaani
64%
Kiribati kiribati
64%
Luxemburg luxemburg
64%
Nauru nauru
64%
Pakistan urdu
64%
Etelä-Afrikka zulu
64%
Kambodža khmer
60%
Irak kurdi
60%
Palau palau
60%
Norja saame (pohjois-, luulajan-, etelä-)
60%
Turkmenistan turkmeeni
60%
Myanmar burma
56%
Fidži fidži
56%
Komorit komori
56%
Marshallinsaaret marshall
56%
Etelä-Afrikka pohjoissotho
56%
Sveitsi retoromaani
56%
Etelä-Afrikka, Lesotho sotho (eteläsotho)
56%
Eswatini, Etelä-Afrikka swazi
52%
Singapore, Sri Lanka tamili
52%
Etiopia amhara
48%
Filippiinit filipino
48%
Madagaskar malagassi
48%
Brunei, Malesia, Singapore malaiji
48%
Seychellit seychellienkreoli
48%
Algeria, Marokko tamazight (berberi)
48%
Bolivia, Ecuador, Peru ketšua
44%
Mauritius mauritiuksenkreoli
44%
Botswana, Etelä-Afrikka tswana
44%
Etelä-Afrikka, Lesotho xhosa
40%
Ruanda ruanda
36%
Bhutan dzongkha
32%
Vanuatu bislama
28%
Malediivit divehi
24%
Niger hausa
20%
Burundi rundi
20%
Sri Lanka sinhala
16%
Itä-Timor tetum
16%
Bolivia, Peru aimara
12%
Burkina Faso fulani
12%
Bolivia, Paraguay guaraní
12%
Etelä-Afrikka ndebele (etelä-ndebele)
12%
Zimbabwe ndebele (pohjois-ndebele)
12%
Etiopia oromo
12%
Zimbabwe shona
12%
Eritrea, Etiopia tigrinja
12%
Papua-Uusi-Guinea tok-pisin
12%
Etiopia afar
8%
Burkina Faso mossi
8%
Keski-Afrikan tasavalta sango
8%
Etelä-Afrikka tsonga
8%
Mali bambara
4%
Burkina Faso djula
4%
Papua-Uusi-Guinea hiri-motu
4%
Lesotho phuthi
4%
Etelä-Afrikka venda
4%
Burkina Faso bissa
0%
Ecuador shuar
0%
Ehtoja vastaavia visoja ei löytynyt
Tulosjakauma
Jokaisen tuloksen saaneiden osuus
Persentiili vastausten määrän mukaan
Tuloshistoriasi
Et ole pelannut tätä visaa